000 00528nam a22001817a 4500
005 20251108175118.0
008 250721s2012 xx 000 0 ara d
082 1 4 _aق/مصر
100 1 _aالمصري، محمود
245 1 0 _aمن قصص نهاية الظالمين /
264 1 _aالقاهرة :
_bمكتبة الصفا للنشر والتوزيع،
_c2012.
300 _a703ص.
650 1 7 _aالقصص
650 1 7 _aالظلم
650 1 7 _aالوعظ و الارشاد
942 _2ddc
_cBK
999 _c126432
_d126432